Normal view
MARC view
- الفن - تمثيل
Entry Topical Term
001 - CONTROL NUMBER
- control field: 17295
003 - CONTROL NUMBER IDENTIFIER
- control field: JO-AjAnu
005 - DATE AND TIME OF LATEST TRANSACTION
- control field: 20230606073046.0
008 - FIXED-LENGTH DATA ELEMENTS
- fixed length control field: 230606|| aca||aabn | a|a d
040 ## - CATALOGING SOURCE
- Original cataloging agency: JO-AjAnu
- Transcribing agency: JO-AjAnu
150 ## - HEADING--TOPICAL TERM
- Topical term or geographic name entry element: الفن - تمثيل
670 ## - SOURCE DATA FOUND
- Source citation: Work cat.: (JO-AjAnu)8880: تأليف الخطيب،إبراهيم ؛ جعفر السعدي ؛ عوني كرومي, author 17294, فن التمثيل